| 000 | 00663nam a2200229Ia 4500 | ||
|---|---|---|---|
| 003 | OSt | ||
| 005 | 20221007082109.0 | ||
| 006 | a|||||r|||| 00| 0 | ||
| 007 | ta | ||
| 008 | 221006b |||||||| |||| 00| 0 eng d | ||
| 024 | _a30,150 | ||
| 037 | _cTextual | ||
| 040 |
_aFLL _cFLL _beng |
||
| 041 |
_2eng _aeng |
||
| 082 | _aV5:5, N6 | ||
| 100 |
_aSummers Sarah J _9698716 |
||
| 245 | 0 | _aEuropean criminal procedural tradition and the European court of human rights | |
| 260 |
_aUSA _bInternational Specialized Book Services USA _c2007 |
||
| 300 |
_axx,188p _ccm. |
||
| 942 |
_hV5:5, N6 _cTEXL _2CC |
||
| 999 |
_c1165300 _d1165300 |
||